000 00459nam a2200193Ia 4500
005 20250423095820.0
008 250422s9999 xx 000 0 und d
020 _a9780077132682 / 0077132688
050 _aHF 5630. T46/
100 _aThomas, Andrew
245 0 _aIntroduction to financial accounting
250 _a7th ed.
260 _aNew York
260 _bMcGraw Hil
260 _c2012
300 _a713 p
650 _aAccounting
942 _cBK
999 _c31413
_d31413